00358nam a2200109Ia 4500082001200000245002800012100004800040942000700088008004100095999001700136952009500153 aAF DUPL 0an Liefdestrik vir Inge  a DU PLESSIS, Rika Pretoria, 2000 910315 cBK210817s9999 xx 000 0 und d c70015d70013 00104070aBADPLbBADPLd2021-08-17g95.00l0p33228012772982r2021-08-17w2021-08-17yBK